Youtubeurs francophone en images - B - Statistiques

Statistiques générales
  • Ce quiz a été pris 278 fois
  • Le résultat moyen est 4 sur 16
Statistiques - réponses
Par images Réponse % Correct
Bigorneaux & Coquillages
70%
Bob Lennon
70%
Benjamin Verrecchia
65%
Bref.
62%
Bapt et gael
38%
Benzaie
25%
Ben Nevert
23%
Bichard
13%
Batflunch
12%
Babor Lelefan
8%
Blitzstream
8%
Byslide
7%
BOTCH
6%
Bonjour Annabelle
3%
Bruno Maltor
2%
Bolchegeek
1%
Aucun quiz correspondant
Distribution des résultats
% des personnes avec chaque résultat
Percentile par nombre de réponses
Votre historique - résultats
Vous n’avez pas pris ce quiz